=LDR 00000nam 2200000 4500 =001 INLIS000000000051932 =005 20200316082958 =035 ##$$a 0010-0118000120 =007 ta =008 200316################g##########0#ind## =020 ##$$a 978-602-0895-53-6 =082 ##$$a 297.73 =084 ##$$a 297.73 SUT p =100 #$$a Sutrisno, =245 1#$$a Pendidikan islam di era peradaban modern /$c Prof. DR. H. Sutrisno, M.AG, DR. Suryatno, M.PD.I =260 ##$$a Jakarta :$b Prenada Media,$c 2015 =300 ##$$a xii, 202 hlm. ; $c 13 x 20 cm. =650 #4$$a Pendidikan islam =700 #$$a Suyatno =504 ##$$a Bibliografi : hlm. 193 - 197 =250 ##$$a Cet. 1 =990 ##$$a 21600590 =990 ##$$a 21600591 =990 ##$$a 21600592 =990 ##$$a 21600593 =990 ##$$a 21600594 =990 ##$$a 21707499 =990 ##$$a 21707498 =990 ##$$a 21707497 =990 ##$$a 21707496 =990 ##$$a 21600593 =990 ##$$a 21600590 =990 ##$$a 21600591 =990 ##$$a 21600592 =990 ##$$a 21600594 =990 ##$$a 21707499 =990 ##$$a 21707498 =990 ##$$a 21707497 =990 ##$$a 21707496